| 000 | 01198cam a2200217 4500 | ||
|---|---|---|---|
| 001 | ABS64342 | ||
| 008 | 010816n2001 000 0 eng u | ||
| 035 | _a(Sirsi) u114165 | ||
| 100 | _aCottingham, M | ||
| 245 | _aTrouble brewing | ||
| 260 | _c2001 | ||
| 490 |
_aProperty Week _v66(30) 27 July 2001, 76-77(2) |
||
| 520 | _aReport on the coffee shop sector where the smaller chains are struggling to compete with the market leaders, Starbucks and Costa, dominating the high street. The first signs of consolidation are appearing with negotiations between Madisons and Starbucks for the sale of Madisons' central London outlets and with even larger mid-market chains, such as Coffee Republic, admitting to finding it impossible to compete with the market leaders. Evidence points to only Starbucks and Costa being able to afford premium rents but that smaller chains may be able to flourish locally rather than in London. | ||
| 590 | _aABS | ||
| 650 | _aCOFFEE SHOPS | ||
| 650 | _aPROPERTY-COMMERCIAL PROPERTY-RETAIL PROPERTY-RETAIL PROPERTY MARKET | ||
| 650 | _aHIGH STREET RETAILERS | ||
| 650 | _aCONSOLIDATION | ||
| 690 | _aPROPERTY-COMMERCIAL PROPERTY-RETAIL PROPERTY | ||
| 942 | _n0 | ||
| 999 |
_c68014 _d68014 |
||